| 000 | 00549nam a2200181Ia 4500 | ||
|---|---|---|---|
| 999 |
_c29733 _d29733 |
||
| 003 | OSt | ||
| 005 | 20201214150802.0 | ||
| 008 | 190216s9999||||xx |||||||||||||| ||und|| | ||
| 020 | _a97888182649446 | ||
| 040 | _coclc | ||
| 082 |
_a894.8124 _bKAR/I |
||
| 100 |
_aKarassery, M N _91986 |
||
| 245 | 0 |
_aIslamika Rashtreeyam Vimarshikkappedunnu / _cM N Karassery |
|
| 260 |
_bMathrubhumi Printing &publishing, _c2010. _aKozhikode; |
||
| 300 | _a168p | ||
| 650 | _aLekhanam | ||
| 942 |
_cBK _2ddc _h894.8124 _iKAR/I _k894.8124 _mKAR/I |
||